| 000 | 01109nam a22002777a 4500 | ||
|---|---|---|---|
| 001 | 2985 | ||
| 003 | FISKH | ||
| 005 | 20240129115736.0 | ||
| 008 | 240129b cb ||||| |||| 00| 0 eng d | ||
| 020 | _a0241106915 | ||
| 040 |
_beng _aFISKH _cFISKH _dFISKH |
||
| 050 | _aPZ7 | ||
| 082 | _a823'. 914 | ||
| 100 | _aAllen, Joy | ||
| 245 |
_aCup final for charlie / _cJoy Allen ; Illustrated by Janet Duchesne |
||
| 250 | _aThis edition published in 1983 | ||
| 260 |
_aLondon : _bHamish Hamilton, _c1981 |
||
| 300 |
_a48 pages : _billustrations ; _c20 cm |
||
| 505 | _aJ | ||
| 520 | _aUncle Tim has a spate ticket for the cup final at Webley and Charlie is allowed to go with him. The whole day is crammed with excitement, starting with the coach trip to London. There is all the tension of the match as West Ham and Arsenal battle it out. Charlie has his own battle too -- on a rope swinging across the canal! | ||
| 521 | 8 |
_a450
_bLexile |
|
| 521 | 8 |
_aJ
_bRaz-Plus |
|
| 650 |
_aCup Final for Charlie _vGazelle books |
||
| 700 |
_aDuchesne, Janet _eillustrator |
||
| 942 |
_2ddc _cBK _n0 |
||
| 999 |
_c2985 _d2985 |
||